Derecho procesal canónico / (Record no. 107824)

MARC details
000 -LEADER
campo de control de longitud fija 00518nam a2200169 4500
001 - NÚMERO DE CONTROL
campo de control 107824
003 - IDENTIFICADOR DE NÚMERO DE CONTROL
campo de control ES-MaACL
005 - FECHA Y HORA DE LA ÚLTIMA TRANSACCIÓN
campo de control 20230906184512.0
007 - CAMPO FIJO DE DESCRIPCIÓN FÍSICA--INFORMACIÓN GENERAL
campo de control de longitud fija t|
008 - DATOS DE LONGITUD FIJA--INFORMACIÓN GENERAL
campo de control de longitud fija 061121s1956 sp r ||||1| spa d
100 1# - ENTRADA PRINCIPAL--NOMBRE DE PERSONA
Nombre de persona Moreno Hernández, Miguel.
9 (RLIN) 83385
245 10 - MENCIÓN DEL TÍTULO
Título Derecho procesal canónico /
Mención de responsabilidad, etc. Miguel Moreno Hernández ; prólogo Eloy Montero.
260 ## - PUBLICACIÓN, DISTRIBUCIÓN, ETC.
Lugar de publicación, distribución, etc. Madrid :
Nombre del editor, distribuidor, etc. Aguilar,
Fecha de publicación, distribución, etc. 1956.
300 ## - DESCRIPCIÓN FÍSICA
Extensión XXVI, 591 p. ;
Dimensiones 24 cm.
700 1# - ENTRADA AGREGADA--NOMBRE PERSONAL
Nombre de persona Montero Gutiérrez, Eloy.
9 (RLIN) 82525
852 ## - LOCALIZACIÓN
Ubicación ES-MaACL
Número de control de estantería C-11257
Sublocalización o colección R.39390
Holdings
Estatus retirado Estado de pérdida Estado de daño No para préstamo Biblioteca de origen Biblioteca actual Ubicación en estantería Fecha de adquisición Fuente de adquisición Total de préstamos Signatura topográfica completa Código de barras Visto por última vez Precio de reemplazo Tipo de ítem Koha
        Biblioteca del Ateneo de Madrid Biblioteca del Ateneo de Madrid Sala Palomar 17/01/2008     C-11257 1112528 23/02/2023 23/02/2023 Libro impreso